000 00891cab a2200265 4500
001 WB3111-17
008 090401t1995 xxu||||| |||| 00| 0 eng d
035 _a(Sirsi) u29163
041 _aeng
245 _aEnvironment bill
260 _c1995
350 _a0
490 _aEstates Times
_v(1270) 10 March 1995, 2(1)
520 _aThe House of Lords considers the Environment Bill does not go far enough in proposing a statutory definition of what constitutes contaminated land, following concern from the property industry that the bill is flawed.
650 _aCONTAMINATED LAND REGISTER
650 _aCONTAMINATED LAND
650 _aENVIRONMENT AGENCY
650 _aENVIRONMENT BILL
650 _aHOUSE OF LORDS
650 _aLOCAL AUTHORITIES
650 _aPOLLUTER PAYS PRINCIPLE
690 _aENVIRONMENTAL AND LAND CONSULTANCY
942 _n0
948 _c04/03/1997
999 _c19634
_d19634